000 00294nam a22001337a 4500
020 _a978-8121924375
041 _aENG
100 _aThreaja.B.L
245 _aA Textbook of Electaical Technology Vol 2
260 _aDelhi
_bS,Chavan .
_c1999
300 _a132
650 _aEOES
856 _uEOES
999 _c434
_d434